An introduction to environmental pattern analysis
Αποθηκεύτηκε σε:
| Κύριος συγγραφέας: | |
|---|---|
| Μορφή: | Βιβλίο |
| Γλώσσα: | English |
| Δημοσίευση: |
Casterton Hall :
Parthenon,
c1991
|
| Θέματα: | |
| Ετικέτες: |
Προσθήκη ετικέτας
Δεν υπάρχουν, Καταχωρήστε ετικέτα πρώτοι!
|
MARC
| LEADER | 00000nam a2200000 i 4500 | ||
|---|---|---|---|
| 001 | 1/66833 | ||
| 008 | 931022s eng d | ||
| 020 | |a 1-85070-240-3 | ||
| 035 | |a ΛΕΣΒΟΣb10001793 |l 10001793 | ||
| 040 | |a GR-MY-UA |b gre |e aacr | ||
| 041 | 0 | |a eng | |
| 082 | 0 | |a 363.702 | |
| 100 | 1 | |a Howard, P. J. A. |q (Peter John Arthur) | |
| 245 | 1 | 3 | |a An introduction to environmental pattern analysis / |c P. J. A. Howard |
| 260 | |a Casterton Hall : |b Parthenon, |c c1991 | ||
| 300 | |a 254 p. | ||
| 504 | |a Includes bibliographical references and index | ||
| 650 | 0 | 0 | |a Pollution |x Measurement. |
| 650 | 0 | 0 | |a Cluster analysis. |
| 852 | |a INST |b LESVOS |e 19931022 |h 363.702 HOW |p 005100004058 |q 005100004058 |t BK |y 0 | ||
| 909 | |a Λ |b 020124 | ||